| Tag |
First Indicator |
Second Indicator |
Subfields |
| LEADER |
00000cam a2200000 a 4500 |
| 001 |
in00002786652 |
| 005 |
20211120170332.0 |
| 006 |
m d f |
| 007 |
cr cn||||||||| |
| 008 |
121010s2012 dcua ob f000 0 eng c |
| 035 |
|
|
|a (OCoLC)ocn812460806
|
| 040 |
|
|
|a ELC
|c ELC
|d OCLCO
|d GPO
|d MvI
|d UtOrBLW
|
| 042 |
|
|
|a pcc
|
| 049 |
|
|
|a WWW
|
| 074 |
|
|
|a 0484-E (online)
|
| 086 |
0 |
|
|a EP 6.52:C 45
|
| 088 |
|
|
|a EPA-420-B-12-052
|
| 245 |
0 |
0 |
|a Consumer vehicle choice model documentation /
|c Assessment and Standards Division, Office of Transportation and Air Quality, U.S. Environmental Protection Agency ; prepared for EPA by Oak Ridge National Laboratory.
|
| 264 |
|
1 |
|a [Washington, DC] :
|b U.S. Environmental Protection Agency, Office of Transportation and Air Quality, Assessment and Standards Division,
|c [2012]
|
| 300 |
|
|
|a 1 online resource (viii, 54 pages) :
|b illustrations
|
| 336 |
|
|
|a text
|b txt
|2 rdacontent
|
| 337 |
|
|
|a computer
|b c
|2 rdamedia
|
| 338 |
|
|
|a online resource
|b cr
|2 rdacarrier
|
| 500 |
|
|
|a Title from title screen (viewed on Oct. 10, 2012).
|
| 500 |
|
|
|a "EPA contract number DE-AC05-00OR22725."
|
| 500 |
|
|
|a "EPA-420-B-12-052."
|
| 500 |
|
|
|a "August 2012."
|
| 504 |
|
|
|a Includes bibliographical references (pages 41-44).
|
| 500 |
|
|
|a Electronic resource.
|
| 650 |
|
0 |
|a Automobiles
|x Fuel consumption.
|
| 650 |
|
0 |
|a Automobiles
|x Purchasing
|x Data processing.
|
| 710 |
2 |
|
|a Oak Ridge National Laboratory.
|
| 710 |
1 |
|
|a United States.
|b Environmental Protection Agency.
|b Office of Transportation and Air Quality.
|b Assessment and Standards Division.
|
| 856 |
4 |
0 |
|u https://purl.fdlp.gov/GPO/gpo30524
|t 0
|
| 999 |
|
|
|a MARS
|
| 999 |
f |
f |
|s 388a32b3-fa3b-3e44-b63d-a4b1f0384940
|i c10a9275-96ea-3f20-ad7b-ab90799d88a4
|t 0
|
| 952 |
f |
f |
|a Texas A&M University
|b College Station
|c Electronic Resources
|d Available Online
|t 0
|e EP 6.52:C 45
|h Superintendent of Documents classification
|
| 998 |
f |
f |
|a EP 6.52:C 45
|t 0
|l Available Online
|